Statistiques concernant paroles - A peu près - Lomepal

Cliquez ici pour prendre le quiz!

Statistiques générales

  • Ce quiz a été pris 226 fois
    (165 depuis la dernière actualisation)
  • Le résultat moyen est 201 sur 236

Statistiques - réponses

Réponse% Correct
à
97%
a
97%
A
97%
je
97%
peu
97%
près
97%
que
97%
Que
97%
de
96%
d'être
94%
sûr
94%
sur
94%
j'suis
93%
J'suis
93%
m'a
93%
ma
93%
pas
93%
solide
93%
Solide
93%
petite
92%
quelqu'un
92%
Rien
92%
rien
92%
un
92%
vais
92%
entaille
91%
me
91%
qu'une
91%
Elle
90%
elle
90%
la
90%
l'a
90%
die
89%
ce
88%
Ce
88%
le
88%
si
88%
moi
87%
ça
86%
comme
86%
Et
86%
pour
86%
qui
86%
tout
86%
j'ai
85%
plus
85%
Evidemment
84%
moitié
84%
quitté
84%
fait
83%
glouton
83%
mangé
83%
tu
83%
est
82%
y
82%
au
81%
deux
81%
menti
81%
Oh
81%
80%
une
80%
te
79%
voilà
79%
mais
78%
nous
78%
veut
78%
l'air
77%
mois
77%
Comment
76%
Dieu
76%
m'protéger
76%
cas
75%
c'est
75%
cette
75%
du
75%
fête
75%
lit
75%
nuit
75%
photo
75%
voudrais
75%
deviner
74%
gai
74%
maison
74%
quitter
74%
revenir
74%
P'tite
73%
quai
72%
juste
71%
parler
70%
dépasser
69%
même
69%
tennis
69%
ton
69%
match
68%
qu'est
68%
rend
68%
avec
67%
d'alcool
67%
fasse
67%
J'veux
67%
quoi
67%
qu'on
67%
qu'tu
67%
service
67%
folle
66%
parie
66%
raison
66%
t'avais
66%
J'te
65%
saison
65%
soir
65%
y'a
65%
bricoles
64%
l'animait
64%
penses
64%
demanderais
61%
prévu
61%
colles
59%
D'ailleurs
59%
reverrai
57%
eh
53%
Mmh
41%

Distribution des résultats

Percentile par nombre de réponses

% des personnes avec chaque résultat

Votre développement - résultats

Vous n’avez pas pris ce quiz depuis la dernière actualisation